<?xml version="1.0" encoding="UTF-8"?>
<record
    xmlns:xsi="http://www.w3.org/2001/XMLSchema-instance"
    xsi:schemaLocation="http://www.loc.gov/MARC21/slim http://www.loc.gov/standards/marcxml/schema/MARC21slim.xsd"
    xmlns="http://www.loc.gov/MARC21/slim">

  <leader>01727nam a22002417a 4500</leader>
  <controlfield tag="005">20211012090417.0</controlfield>
  <controlfield tag="008">211011b           ||||| |||| 00| 0 eng d</controlfield>
  <datafield tag="020" ind1=" " ind2=" ">
    <subfield code="a">9789391165147</subfield>
  </datafield>
  <datafield tag="040" ind1=" " ind2=" ">
    <subfield code="c">AL</subfield>
  </datafield>
  <datafield tag="041" ind1=" " ind2=" ">
    <subfield code="a">eng</subfield>
  </datafield>
  <datafield tag="082" ind1=" " ind2=" ">
    <subfield code="2">23</subfield>
    <subfield code="a">327.12</subfield>
    <subfield code="b">LEVS</subfield>
  </datafield>
  <datafield tag="100" ind1=" " ind2=" ">
    <subfield code="a">Adrian Levy</subfield>
    <subfield code="9">1178</subfield>
  </datafield>
  <datafield tag="245" ind1=" " ind2=" ">
    <subfield code="a">Spy Stories</subfield>
    <subfield code="b">Inside the secret World of the R.A.W. and the I.S.I.</subfield>
  </datafield>
  <datafield tag="260" ind1=" " ind2=" ">
    <subfield code="a">New Delhi</subfield>
    <subfield code="b">Juggernaut Books</subfield>
    <subfield code="c">2021</subfield>
  </datafield>
  <datafield tag="300" ind1=" " ind2=" ">
    <subfield code="a">xviii,340 p.</subfield>
    <subfield code="b">PB</subfield>
    <subfield code="c">23x15 cm.</subfield>
  </datafield>
  <datafield tag="365" ind1=" " ind2=" ">
    <subfield code="a">BLCR-000065</subfield>
    <subfield code="b">&#x20B9;559.20</subfield>
    <subfield code="c">&#x20B9;</subfield>
    <subfield code="d">&#x20B9;699.00</subfield>
    <subfield code="e">20%</subfield>
    <subfield code="f">05-10-2021</subfield>
  </datafield>
  <datafield tag="520" ind1=" " ind2=" ">
    <subfield code="a">From 9/11 to 26/11, Burhan Wani to Kulbhushan Jadhav &#x2013; the India&#x2013;Pakistan relationship told from the perspective of the R.A.W. and the I.S.I. With unprecedented access to the R.A.W. and the I.S.I., the world&#x2019;s most inscrutable spy agencies, Adrian Levy and Cathy Scott-Clark describe the workings of bitter rivals, mapping their complicated history from the 1960s to the present day. From the Parliament attacks to Pulwama, 9/11 to Osama bin Laden&#x2019;s assassination, the rise of terror&#x2019;s shadow armies to the fall of Kulbhushan Jadhav, here are some of the key events that have shaped the region, told from the split viewpoints of duelling enemies. Levy and Scott-Clark also uncover a darker seam &#x2013; of the destructive impact of C.I.A. interference, and how the I.S.I. fought for its life against dark forces it once funded, while the R.A.W. created ghost enemies to strengthen its hand. Revelatory and unputdownable, Spy Stories clears the fog to reveal the spies and their assets, as you have never seen them before.</subfield>
  </datafield>
  <datafield tag="650" ind1=" " ind2=" ">
    <subfield code="a">R.A.W.</subfield>
    <subfield code="9">1174</subfield>
  </datafield>
  <datafield tag="650" ind1=" " ind2=" ">
    <subfield code="a">I.S.I.</subfield>
    <subfield code="9">1175</subfield>
  </datafield>
  <datafield tag="700" ind1=" " ind2=" ">
    <subfield code="a">LEVY (Adrian)</subfield>
    <subfield code="9">1176</subfield>
  </datafield>
  <datafield tag="700" ind1=" " ind2=" ">
    <subfield code="a">CLARK (Cathy Scott)</subfield>
    <subfield code="9">1177</subfield>
  </datafield>
  <datafield tag="942" ind1=" " ind2=" ">
    <subfield code="2">ddc</subfield>
    <subfield code="c">BK</subfield>
  </datafield>
  <datafield tag="999" ind1=" " ind2=" ">
    <subfield code="c">216575</subfield>
    <subfield code="d">216575</subfield>
  </datafield>
  <datafield tag="952" ind1=" " ind2=" ">
    <subfield code="0">0</subfield>
    <subfield code="1">0</subfield>
    <subfield code="2">ddc</subfield>
    <subfield code="4">0</subfield>
    <subfield code="7">0</subfield>
    <subfield code="8">PS</subfield>
    <subfield code="a">AL</subfield>
    <subfield code="b">AL</subfield>
    <subfield code="d">2021-10-08</subfield>
    <subfield code="e">Navakarnataka Publications Pvt.Ltd.</subfield>
    <subfield code="g">559.00</subfield>
    <subfield code="l">3</subfield>
    <subfield code="o">327.12 LEVS</subfield>
    <subfield code="p">075006</subfield>
    <subfield code="r">2025-09-01 09:56:22</subfield>
    <subfield code="s">2025-08-22</subfield>
    <subfield code="v">699.00</subfield>
    <subfield code="w">2021-10-11</subfield>
    <subfield code="y">BK</subfield>
  </datafield>
</record>
